000 00221nam a2200097Ia 4500
008 240331s9999 xx 000 0 und d
082 _bLAL
100 _aLal Kumara,W.A.S
245 0 _aSri Lankawe lama apyojanaya
942 _cL
999 _c5025
_d5025